00954cam a22002054a 4500020001500000040000800015082002600023245008500049260019300134300004300327490002200370500005600392520002600448650002200474700002200496710005000518710008500568710003800653856005700691 a9747946688 cDLC a634 FOO 2005 A053 Or.00aIn search of excellence :bexemplary forest management in Asia and the Pacific / aBangkok :bFood and Agriculture Organization of the United Nations, Regional Office for Asia and the Pacific :bRegional Community Forestry Training Center for Asia and the Pacific,c2005. ax, 404 p. :bcol. ill., maps ;c27 cm.0 aRAP publication ; aAt head of title: Asia-Pacific Forestry Commission. aContributed articles. 0aForest management1 aDurst, Patrick B.2 aFAO Regional Office for Asia and the Pacific.2 aRegional Community Forestry Training Center for Asia-Pacific (Bangkok, Thailand)2 aAsia-Pacific Forestry Commission.41uhttp://www.loc.gov/catdir/toc/fy0713/2006454408.html